Music Quiz

Random Music or Album Quiz

Self-Titled Debut Albums Quiz Stats

 Plays Quiz Updated Jan 4, 2016

Also try: Album Covers
Challenge
Share
Tweet
Score 0/20 Timer 06:00
10 Plays Today
% Correct
Kiss
99%
Elvis Presley
95%
Van Halen
93.4%
Led Zeppelin
89.6%
The White Stripes
82%
Ramones
81.3%
The Doors
79.9%
Weezer
75.8%
Run-D.M.C.
68.4%
Eagles
67.1%
% Correct
The Clash
64.7%
Boston
56.8%
The B-52's
53.3%
Aerosmith
50.3%
Blind Melon
45.7%
The Cars
38.8%
Foo Fighters
38.7%
Them Crooked Vultures
25.6%
The Stone Roses
20.2%
Red Hot Chili Peppers
16.1%

You're not logged in!

Compare scores with friends on all Sporcle quizzes.
Join for Free
OR
Log In

You Might Also Like...

Show Comments

Extras

Top Quizzes Today


Score Distribution

Your Account Isn't Verified!

In order to create a playlist on Sporcle, you need to verify the email address you used during registration. Go to your Sporcle Settings to finish the process.

Report this User

Report this user for behavior that violates our Community Guidelines.

Details: